Autostrady i drogi ekspresowe w Polsce (z mapą) - Statystyki

Ogólne statystyki
  • Ten quiz został rozwiązany 4 332 razy
  • Średni wynik to 13 z 29
Odpowiedzi na mapie
Odpowiedzi zakodowano w zielono-czerwonej skali na mapie do tego quizu, zgodnie z poniższymi procentami.
 
Statystyki odpowiedzi
Odpowiedź % Poprawnych
A4
87%
A1
75%
A2
73%
S7
60%
S8
58%
S3
57%
A8
51%
S6
51%
A6
50%
A18
49%
S1
49%
S19
46%
S2
46%
S5
46%
S10
42%
S11
42%
S17
42%
S14
38%
A50
36%
S61
36%
S52
35%
S12
34%
S22
32%
S74
32%
S86
32%
S50
31%
S79
30%
S16
29%
S51
26%
Nie znaleziono quizów pasujących do podanych kryteriów
Rozkład punktacji
Procent ludzi z każdym wynikiem
Percentyl według liczby udzielonych odpowiedzi
Twoja historia wyników
Nie rozwiązałeś tego quizu